Gang Starr - Moment of Truth tracklist - Statistics

General Stats
  • This quiz has been taken 11 times
  • The average score is 14 of 20
Answer Stats
# Answer % Correct
5. Above the Clouds
100%
8. Moment of Truth
100%
4. Royalty
100%
9. B.I. vs Friendship
86%
6. JFK 2 LAX
86%
1. You Know My Steez
86%
18. Betrayal
71%
20. In Memory Of...
71%
12. What I'm Here 4
71%
3. Work
71%
7. Itz a Set Up
57%
16. Make Em' Pay
57%
14. New York Strait Talk
57%
19. Next Time
57%
2. Robbin Hood Theory
57%
13. She Knowz What She Wantz
57%
10. The Militia
57%
11. The Rep Growz Bigga
57%
15. My Advice 2 You
43%
17. The Mall
43%
No matching quizzes found
Score Distribution
Percent of People with Each Score
Percentile by Number Answered
Your Score History
You have not taken this quiz